Systém odmeňovania v podniku a jeho motivačný vplyv bakalárska práca

Guardado en:
Detalles Bibliográficos
Autor principal: Jančová, Ivona
Autor Corporativo: Fakulta podnikového manažmentu EU. Katedra manažmentu
Otros Autores: Tarišková, Natália, 1973-
Formato: Libro
Lenguaje:eslovaco
Publicado: Bratislava 2017
Etiquetas: Agregar Etiqueta
Sin Etiquetas, Sea el primero en etiquetar este registro!

MARC

LEADER 00000nbm a2200000 4500
001 0232575
005 20171215124625.6
041 0 |a slo 
044 |a SK 
245 1 0 |a Systém odmeňovania v podniku a jeho motivačný vplyv  |b bakalárska práca  |c Ivona Jančová ; školiteľ: Natália Tarišková 
264 1 |a Bratislava  |c 2017 
300 |a 55 s. 
100 1 |a Jančová, Ivona 
700 1 |a Tarišková, Natália, 1973- 
710 2 |a Fakulta podnikového manažmentu EU. Katedra manažmentu